Tautas celtniecība Latvijas ainavā

Titel: Tautas celtniecība Latvijas ainavā / Saulvedis Cimermanis
Verfasser:
Veröffentlicht: Rīga : Zinātne, 2020
Umfang: 687 Seiten : Illustrationen, Karten
Format: Buch
Sprache: Lettisch
Schriftenreihe/
mehrbändiges Werk:
Letonikas bibliotēka
Schlagworte:
ISBN: 9789934599002
Buchumschlag
X
alg: 47489899
001A    $03004:20-01-21 
001B    $01999:16-04-21 $t11:33:52.000 
001D    $03004:10-03-21 
001U    $0utf8 
001X    $00 
002@    $0Aau 
002C    $aText $btxt $2rdacontent 
002D    $aohne Hilfsmittel zu benutzen $bn $2rdamedia 
002E    $aBand $bnc $2rdacarrier 
003@    $0474898997 
004A    $A9789934599002 
007A    $0474898997 $aHEB 
007G    $0DE02018207D098B2EADF6C12586B80028076A 
009P    $qapplication/pdf $A2 $3Inhaltsverzeichnis $uhttp://scans.hebis.de/HEBCGI/show.pl?47489899_toc.pdf $mV:DE-603;B:DE-Mb50 
010@    $alav 
010E    $erda 
011@    $a2020 $n2020 
021A    $aTautas celtniecība Latvijas ainavā $hSaulvedis Cimermanis 
028A    $BVerfasser $#Cimermanis, Saulvedis Ja. $#Tsimermanis, Saulvedis Ia. $#Cimermanis, S. $4aut $71032307250 $8Cimermanis, Saulvedis$Z1929- [Tp1] $9318892189 
033A    $pRīga $nZinātne 
034D    $a687 Seiten 
034M    $aIllustrationen, Karten 
036G    $aLetonikas bibliotēka 
037A    $aLiteraturverzeichnis Seite 654-672 
044K    $#Lettland $#Lettland $#Latvija $#Latvijas Republika $#Lettische Republik $#Lettische SSR $#Latvijskaja SSR $74074187-4 $8Lettland [Tg1] $9085208876 
044K    $RKunst $RNaive Kunst $#Folk art $#Art populaire $#Arte popolare $#Arte popular $#Volkskunst $#Bäuerliche Kunst $#Bauernkunst $#Arte plebea $74063851-0 $8Volkskunst [Ts1] $9085179000 
044K    $RHaus $#Country homes $#Résidences secondaires $#Casas de campo $74311326-6 $8Landhaus [Ts1] $908670933X 
044K    $#Civil engineering $#Génie civil $#Construcción $74144204-0 $8Bauwesen [Ts1] $9085569135 
044K    $RKultur $RAlltagskultur $RArbeiterkultur $RIndustriekultur $RMassenkultur $#Popular culture $#Culture populaire $#Culture de masse $#Cultura popolare $#Folklore $#Populärkultur Volkskultur $#Popularkultur Volkskultur $#Volksleben $#Folklore Volkskultur $74063849-2 $8Volkskultur [Ts1] $9085178993 
044K    $#Landscapes $#Paysage $#Paisaje $#landscape $#Landschaft $#Landschaft $#Landschaften $74034343-1 $8Landschaft [Ts1] $9085092207 
045F    $a390.094796 $eDDC23BSB 
045F/01 $a390 
045F/03 $g4796 
045R    $aGeschichte 
046L    $aDeutsche, englische und russische Zusammenfassung 

lok: 47489899 24

exp: 47489899 24 1 #EPN
201B/01 $010-03-21 $t13:46:24.000 
201C/01 $020-01-21 
201U/01 $0utf8 
203@/01 $01137341203 
208@/01 $a10-03-21 $bz 
209A/01 $a21.01111 $du $f050 $h21 01111 $x00 
209C/01 $a21.01111 K $h21 01111 K 
209G/01 $a74113389 $x00 
220C/01 $acer 
247C/01 $8358050-7 Marburg, Bibliothek des Herder-Instituts Marburg $9102600961
LEADER 00000cam a2200000 c 4500
001 474898997
003 DE-603
005 20210416113352.0
007 tu
008 210120s2020 xx |||| | u00||u|lav c
020 |a 9789934599002 
035 |a (DE-599)HEB474898997 
040 |a DE-603  |b ger  |c DE-603  |d DE-603  |e rda 
041 |a lav 
082 0 4 |8 1\u  |a 390.094796  |q DE-101  |2 23/BSB 
085 |8 1\u  |b 390 
085 |8 1\u  |z 2  |s 4796 
100 1 |a Cimermanis, Saulvedis  |d 1929-  |e Verfasser  |4 aut  |0 (DE-603)318892189  |0 (DE-588)1032307250  |2 gnd 
245 0 0 |a Tautas celtniecība Latvijas ainavā  |c Saulvedis Cimermanis 
264 1 |a Rīga  |b Zinātne  |c 2020 
300 |a 687 Seiten  |b Illustrationen, Karten 
336 |a Text  |b txt  |2 rdacontent 
337 |a ohne Hilfsmittel zu benutzen  |b n  |2 rdamedia 
338 |a Band  |b nc  |2 rdacarrier 
490 0 |a Letonikas bibliotēka 
500 |a Literaturverzeichnis Seite 654-672 
546 |a Deutsche, englische und russische Zusammenfassung 
648 7 |a Geschichte  |2 gnd 
650 7 |a Volkskunst  |0 (DE-588)4063851-0  |0 (DE-603)085179000  |2 gnd 
650 7 |a Landhaus  |0 (DE-588)4311326-6  |0 (DE-603)08670933X  |2 gnd 
650 7 |a Bauwesen  |0 (DE-588)4144204-0  |0 (DE-603)085569135  |2 gnd 
650 7 |a Volkskultur  |0 (DE-588)4063849-2  |0 (DE-603)085178993  |2 gnd 
650 7 |a Landschaft  |0 (DE-588)4034343-1  |0 (DE-603)085092207  |2 gnd 
651 7 |a Lettland  |0 (DE-588)4074187-4  |0 (DE-603)085208876  |2 gnd 
856 4 2 |m V:DE-603;B:DE-Mb50  |q application/pdf  |u http://scans.hebis.de/HEBCGI/show.pl?47489899_toc.pdf  |3 Inhaltsverzeichnis 
924 0 |9 Mb 50  |a (DE-603)1137341203  |b DE-Mb50  |c HES  |d c  |g 21.01111